| 000 | 01088nam a2200289Ia 4500 | ||
|---|---|---|---|
| 001 | ebr10632072 | ||
| 003 | CaPaEBR | ||
| 006 | m u | ||
| 007 | cr cn||||||||| | ||
| 008 | 121109s2012 at s 000 f eng d | ||
| 010 | _z 2012493479 | ||
| 020 | _z9781920882952 (pbk.) | ||
| 020 | _z9781922146250 (ebook) | ||
| 040 |
_aCaPaEBR _cCaPaEBR |
||
| 035 | _a(OCoLC)844248169 | ||
| 050 | 1 | 4 |
_aPR9619.3.C3922 _bS87 2012eb |
| 100 | 1 | _aCastro, Brian. | |
| 245 | 1 | 0 |
_aStreet to street _h[electronic resource] / _cBrian Castro. |
| 260 |
_aArtamon, N.S.W. : _bGiramondo Pub., _c2012. |
||
| 300 | _a149 p. | ||
| 533 |
_aElectronic reproduction. _bPalo Alto, Calif. : _cebrary, _d2013. _nAvailable via World Wide Web. _nAccess may be limited to ebrary affiliated libraries. |
||
| 600 | 1 | 0 |
_aBrennan, Christopher John, _d1870-1932 _vFiction. |
| 650 | 0 |
_aPoets, Australian _vFiction. |
|
| 655 | 7 |
_aElectronic books. _2local |
|
| 710 | 2 | _aebrary, Inc. | |
| 856 | 4 | 0 |
_uhttp://site.ebrary.com/lib/rucke/Doc?id=10632072 _zAn electronic book accessible through the World Wide Web; click to view |
| 999 |
_c70589 _d70589 |
||